| 000 | 00640nam a2200217 4500 | ||
|---|---|---|---|
| 003 | LK-CoMWRAF | ||
| 005 | 20231004143817.0 | ||
| 008 | 231004b1994 |||||||| |||| 00| 0 eng d | ||
| 020 | _a8125901523 | ||
| 040 |
_aLK-CoMWRAF _dLK-CoMWRAF _eLK-CoMWRAF |
||
| 041 | _aeng | ||
| 082 |
_a305.42 _bDEV |
||
| 100 | _aDevendra, Kiran | ||
| 245 | _aChanging status of women in India | ||
| 250 | _a3rd revised ed. | ||
| 260 |
_aNew Delhi: _bVikas Publishing house _c1994 |
||
| 300 |
_axx, 234 p. ; 23 cm. _bBibliography and index included |
||
| 650 | _aWOMEN-INDIA-Social conditions | ||
| 650 | _aWomen -Legal status, laws, -India | ||
| 942 | _cBK | ||
| 999 |
_c3776 _d3776 |
||